Πιπεράτα θεατρικά ανέκδοτα

Saved in:
Bibliographic Details
Main Author: Βρανά, Σπεράντζα
Other Authors: Ζήκος, Σπύρος (Illustrator)
Format: Book
Language:Greek
Published: Αθήνα : Σμυρνιωτάκης, [198-].
Subjects:
Tags: Add Tag
No Tags, Be the first to tag this record!

MARC

LEADER 00000cam a2200000 a 4500
001 1/112621
008 170110q1980####gr | ||| |||| ||gre||
040 |a GR-MyUa  |b gre  |c GR-MyUa  |e AACR2 
041 0 |a gre 
082 7 |a 889.7   |2 (23) 
100 1 |a Βρανά, Σπεράντζα. 
245 1 0 |a Πιπεράτα θεατρικά ανέκδοτα /   |c Σπεράντζα Βρανά ; εικονογράφηση Νίκος Ζήκος.  
260 |a Αθήνα :   |b Σμυρνιωτάκης,   |c [198-].  
300 |a 246 σ. ;   |c 21 εκ.  
600 1 0 |a Βρανά, Σπεράντζα. 
650 0 |a Actors  |x Fiction. 
650 0 |a Autobiography. 
650 0 |a Humorous stories, Greek. 
650 0 |a Greek wit and humor. 
700 1 |a Ζήκος, Σπύρος,  |e ill 
852 |a INST  |b SAMOS  |e 20170110  |h 889.7 ΒΡΑ  |p 005300044086  |q 005300044086  |t BK  |y 0 
970 |a Γουβάλα  |b Βάσω  |z 10-01-2017